| 000 | 00479nam a2200145 a 4500 | ||
|---|---|---|---|
| 008 | 060316s1969 ||||||||||||||||| || u | ||
| 020 | _a0413444708 | ||
| 050 | _aPR 6052.E7H4 | ||
| 100 | _aBermant, Chaim, 1929- | ||
| 245 | 1 | 0 | _aHere endeth the lesson |
| 260 |
_aLondon : _bEyre and Spottswoode _c1969 |
||
| 300 | _a218 p. | ||
| 350 | _a0.00 | ||
| 995 |
_D0.00 _FCBU-MAIN LIBRARY (Kitwe) _H1 _I3.25 _M1 _UAVAILABLE _ZFiction Collection |
||
| 999 |
_c45500 _d45500 |
||